000 00346nam a22001577a 4500
003 MACL
005 20151125115201.0
008 151125b xxu||||| |||| 00| 0 eng d
040 _cMACL
041 _aEnglish
082 _a920/KOS
100 _aKosambi,Meera
_918127
245 _aNivedan
650 _aAutobiography
_918128
942 _2ddc
_cBK
999 _c51073
_d51073